Normal view
MARC view
- الخدمة الاجتماعية - خدمة الفرد
Entry Topical Term
001 - CONTROL NUMBER
- control field: 40244
003 - CONTROL NUMBER IDENTIFIER
- control field: JO-AjAnu
005 - DATE AND TIME OF LATEST TRANSACTION
- control field: 20230606080703.0
008 - FIXED-LENGTH DATA ELEMENTS
- fixed length control field: 230606|| aca||aabn | a|a d
040 ## - CATALOGING SOURCE
- Original cataloging agency: JO-AjAnu
- Transcribing agency: JO-AjAnu
150 ## - HEADING--TOPICAL TERM
- Topical term or geographic name entry element: الخدمة الاجتماعية - خدمة الفرد
670 ## - SOURCE DATA FOUND
- Source citation: Work cat.: (JO-AjAnu)20629: محمد، محمود حسن, author 40243, ممارسة خدمة الفرد